000 01128nam a22003257a 4500
003 CHAP
005 20220817043105.0
008 971010s1983 r 00010 d
010 _a65327
011 _a66299
035 _a74359
040 _cCHAP
082 _a632.12
_bS85
100 0 0 _aStone, John F.
_9109887
245 _aPlant production and management under drought conditions
260 _aAmsterdam :
_bElsevier,
_c1983
300 _a384 p.
_b: ilus
490 _aDevelopments in agricultural and managed-forest ecology
_v;12
590 _aBATCH-UPD
_b10
_c20130110
_lUCH01
_h0605
590 _aBATCH-UPD
_b10
_c20130410
_lUCH01
_h0246
590 _aBATCH-UPD
_b10
_c20130914
_lUCH01
_h1120
590 _aCONVERSION
_b10
_c20130109
_lUCH01
_h1336
650 1 4 _aCultivos
_xEfecto de las sequías.
_930255
650 1 4 _aPlantas
_xEfecto del medio ambiente.
_988821
830 0 _aDevelopments in agricultural and managed - forest ecology
_v;12
901 _aBK
942 _cLIBRO
949 _a632.12 S85
_bBC
_cLIBRO
_d33724000177176
_eLIBRO
_h72732
_i74359
_si
949 _a632.12 S86
_bI
_cLIBRO
_d-7225
_eLIBRO
_h3998
_i74359
_si
999 _c65327
_d65327